Loading...

Ksheenikkatha maneesha

Bibliographic Details
Main Author: Krishna kaimal, Aymanam
Format: Printed Book
Published: Kottayam, Current Books 1992
Subjects:
LEADER 005490000a22001930004500
020 |a 81-240-0038-7 
022 |a 30-06-2004 
041 |a Malayalam 
082 |a A4 KRI/K N2 
100 |a Krishna kaimal, Aymanam 
245 |a Ksheenikkatha maneesha 
260 |a Kottayam, Current Books 
260 |c 1992 
465 |a R 25 
650 |a Essays 
650 |a Malayalam literature 
942 |c BK 
999 |c 143404  |d 143400 
952 |0 0  |1 0  |4 0  |6 A_4_000000000000000_KRI_K_N2  |7 0  |9 142185  |a SCC  |b SCC  |d 2017-10-11  |l 0  |o A4 KRI/K N2  |p SCC07115  |r 2017-10-11  |w 2017-10-11  |y BK